AH International Schools' Libraries

Normal view MARC view
  • School management and organization. Educational planning.

Entry Topical Term

Number of records used in: 1

001 - CONTROL NUMBER

  • control field: 86772

003 - CONTROL NUMBER IDENTIFIER

  • control field: OSt

005 - DATE AND TIME OF LATEST TRANSACTION

  • control field: 20251010093143.0

008 - FIXED-LENGTH DATA ELEMENTS

  • fixed length control field: 251010|| aca||aabn | a|a d

040 ## - CATALOGING SOURCE

  • Original cataloging agency: OSt
  • Transcribing agency: OSt

150 ## - HEADING--TOPICAL TERM

  • Topical term or geographic name as entry element: School management and organization. Educational planning.
  • Geographic subdivision: Great Britain

670 ## - SOURCE DATA FOUND

  • Source citation: Work cat.: (OSt)49644: Educational management :, 1999.

For any Logos Library related questions please contact Miss Art at swongnarasuk@asianhope.org.

For any Asian Hope Library related questions please contact Miss Raza at graza@asianhope.org.

Powered by Koha